000 00319nam a22001457a 4500
005 20160630092240.0
008 160630b xxu||||| |||| 00| 0 eng d
041 _aeng
082 _b10895
245 _aSecurities Markets and Product
260 _bTaxmann
300 _a576
650 _aManagement
_9241
942 _cBK
999 _c4805
_d4803